[Event "Mauricie-ch"]
[Site "Trois Rivieres"]
[Date "1984.08.13"]
[Round "1.1"]
[White "Deschesnes, Steve"]
[Black "Hebert, Yves"]
[Result "1-0"]
[WhiteElo "1657"]
[BlackElo "1451"]
[PlyCount "81"]
[EventDate "1984.08.??"]
[EventType "k.o."]
[EventRounds "3"]
[EventCountry "CAN"]
[SourceTitle "EXT 2022"]
[Source "ChessBase"]
[SourceDate "2021.10.06"]
[SourceVersion "1"]
[SourceVersionDate "2021.10.06"]
[SourceQuality "1"]

1. e4 c5 2. Nf3 d6 3. d4 cxd4 4. Nxd4 Nf6 5. Nc3 a6 6. g3 e5 7. Nb3 Be6 8. Bg5 Be7 9. Bg2 Nbd7 10. Bxf6 Nxf6 11. Nd5 Nxd5 12. exd5 Bc8 13. 0-0 0-0 14. Kh1 f5 15. c3 Bf6 16. Qc2 g6 17. Rad1 Bg7 18. c4 b6 19. Nd2 Ra7 20. b3 Raf7 21. Bh3 f4 22. Bxc8 Qxc8 23. Qe4 f3 24. Rg1 Qc5 25. Qe3 Qc7 26. g4 Rf4 27. Rg3 Bh6 28. g5 Bxg5 29. Rxg5 Qe7 30. Rdg1 Kg7 31. R1g3 Qf6 32. Kg1 h6 33. Rxg6+ Qxg6 34. Rxg6+ Kxg6 35. Qxb6 Kh5 36. Qxd6 Rg8+ 37. Kf1 Rh4 38. Qxe5+ Rg5 39. Qe8+ Kg4 40. Qe4+ Kh5 41. Qxf3+ 1-0